Study guide for use with Principles of economics. (Record no. 26)
[ view plain ]
| 000 -LEADER | |
|---|---|
| fixed length control field | 01358cam a2200385Ia 4500 |
| 001 - CONTROL NUMBER | |
| control field | 5524159 |
| 003 - CONTROL NUMBER IDENTIFIER | |
| control field | OSt |
| 005 - DATE AND TIME OF LATEST TRANSACTION | |
| control field | 20210414113839.0 |
| 008 - FIXED-LENGTH DATA ELEMENTS--GENERAL INFORMATION | |
| fixed length control field | 060124s2007 maua fc 000 0 eng d |
| 020 ## - INTERNATIONAL STANDARD BOOK NUMBER | |
| International Standard Book Number | 0073210064 |
| 024 3# - OTHER STANDARD IDENTIFIER | |
| Standard number or code | 9780073210063 |
| 035 ## - SYSTEM CONTROL NUMBER | |
| System control number | (OCoLC)506262915 |
| 035 ## - SYSTEM CONTROL NUMBER | |
| System control number | (OCoLC)ocn506262915 |
| 035 ## - SYSTEM CONTROL NUMBER | |
| System control number | (NNC)5524159 |
| 040 ## - CATALOGING SOURCE | |
| Original cataloging agency | NNC |
| Transcribing agency | NNC |
| 090 ## - LOCALLY ASSIGNED LC-TYPE CALL NUMBER (OCLC); LOCAL CALL NUMBER (RLIN) | |
| Classification number (OCLC) (R) ; Classification number, CALL (RLIN) (NR) | HB171.5.F734 Guide |
| 100 1# - MAIN ENTRY--PERSONAL NAME | |
| Personal name | Mogab, Jack. |
| 245 10 - TITLE STATEMENT | |
| Title | Study guide for use with Principles of economics. |
| Statement of responsibility, etc. | prepared by Jack Mogab, Louis Johnson. |
| 246 10 - VARYING FORM OF TITLE | |
| Title proper/short title | Principles of economics |
| 250 ## - EDITION STATEMENT | |
| Edition statement | Third edition |
| 260 ## - PUBLICATION, DISTRIBUTION, ETC. | |
| Place of publication, distribution, etc. | Boston : |
| Name of publisher, distributor, etc. | McGraw-Hill/Irwin, |
| Date of publication, distribution, etc. | c2007. |
| 300 ## - PHYSICAL DESCRIPTION | |
| Extent | vii, 493 p. : |
| Other physical details | ill. ; |
| Dimensions | 28 cm. |
| 505 ## - FORMATTED CONTENTS NOTE | |
| Formatted contents note | Contents: Introduction -- Competition and the invisible hand -- Market imperfections -- Economics of public policy -- Macroeconomic:issues and data -- The Long run -- The Short run -- The International economy. |
| 650 #0 - SUBJECT ADDED ENTRY--TOPICAL TERM | |
| Topical term or geographic name entry element | Economics |
| General subdivision | Study and teaching |
| Form subdivision | Handbooks, manuals, etc. |
| 700 1# - ADDED ENTRY--PERSONAL NAME | |
| Personal name | Frank, Robert H. |
| Title of a work | Principles of economics. |
| Version | 3rd ed. |
| 700 1# - ADDED ENTRY--PERSONAL NAME | |
| Personal name | Bernanke, Ben. |
| 700 1# - ADDED ENTRY--PERSONAL NAME | |
| Personal name | Johnson, Louis. |
| 942 ## - ADDED ENTRY ELEMENTS (KOHA) | |
| Source of classification or shelving scheme | Library of Congress Classification |
| Koha item type | Books |
| 948 1# - LOCAL PROCESSING INFORMATION (OCLC); SERIES PART DESIGNATOR (RLIN) | |
| Series part designator, SPT (RLIN) | 20060202 |
| b (OCLC) | o |
| c (OCLC) | rad1 |
| d (OCLC) | MPS |
| 948 2# - LOCAL PROCESSING INFORMATION (OCLC); SERIES PART DESIGNATOR (RLIN) | |
| Series part designator, SPT (RLIN) | 20060202 |
| b (OCLC) | a |
| c (OCLC) | rad1 |
| d (OCLC) | MPS |
| 948 2# - LOCAL PROCESSING INFORMATION (OCLC); SERIES PART DESIGNATOR (RLIN) | |
| Series part designator, SPT (RLIN) | 20060202 |
| b (OCLC) | a |
| c (OCLC) | rad1 |
| d (OCLC) | MPS |
| 948 2# - LOCAL PROCESSING INFORMATION (OCLC); SERIES PART DESIGNATOR (RLIN) | |
| Series part designator, SPT (RLIN) | 20060202 |
| b (OCLC) | a |
| c (OCLC) | rad1 |
| d (OCLC) | MPS |
| 948 2# - LOCAL PROCESSING INFORMATION (OCLC); SERIES PART DESIGNATOR (RLIN) | |
| Series part designator, SPT (RLIN) | 20060202 |
| b (OCLC) | a |
| c (OCLC) | rad1 |
| d (OCLC) | MPS |
| Withdrawn status | Lost status | Source of classification or shelving scheme | Damaged status | Not for loan | Home library | Current library | Shelving location | Date acquired | Total Checkouts | Full call number | Barcode | Date last seen | Copy number | Price effective from | Koha item type |
|---|---|---|---|---|---|---|---|---|---|---|---|---|---|---|---|
| Library of Congress Classification | WISCONSIN INTERNATIONAL UNIVERSITY COLLEGE, GHANA - MAIN LIBRARY | WISCONSIN INTERNATIONAL UNIVERSITY COLLEGE, GHANA - MAIN LIBRARY | General Stacks | 22/08/2011 | HB171.5.F7342Guide | 049/11 | 22/08/2011 | 1 | 22/08/2011 | Books | |||||
| Library of Congress Classification | WISCONSIN INTERNATIONAL UNIVERSITY COLLEGE, GHANA - MAIN LIBRARY | WISCONSIN INTERNATIONAL UNIVERSITY COLLEGE, GHANA - MAIN LIBRARY | General Stacks | 22/08/2011 | HB171.5.F7341Guide | 050/11 | 22/08/2011 | 2 | 22/08/2011 | Books | |||||
| Library of Congress Classification | WISCONSIN INTERNATIONAL UNIVERSITY COLLEGE, GHANA - MAIN LIBRARY | WISCONSIN INTERNATIONAL UNIVERSITY COLLEGE, GHANA - MAIN LIBRARY | General Stacks | 22/08/2011 | HB171.5.F7342Guide | 051/11 | 22/08/2011 | 3 | 22/08/2011 | Books |
